| 000 | 01055cam a22003134i 4500 | ||
|---|---|---|---|
| 001 | 18264013 | ||
| 003 | BD-DhUL | ||
| 005 | 20191209125337.0 | ||
| 008 | 140812s2015 nyu b 001 0 eng | ||
| 010 | _a 2014006024 | ||
| 020 | _a9780415719438 (pbk) | ||
| 040 |
_aDLC _beng _cDLC _erda _dBD-DhUL |
||
| 042 | _apcc | ||
| 050 | 0 | 0 |
_aBX1754 _b.M295 2015 |
| 082 | 0 | 0 |
_a282 _bMAC _223 |
| 100 | 1 | _aMarienberg, Evyatar. | |
| 245 | 1 | 0 |
_aCatholicism today : _ban introduction to the contemporary Catholic Church / _cEvyatar Marienberg. |
| 264 | 1 |
_aNew York ; _aLondon ; _bRoutledge, _c2015. |
|
| 300 |
_axi, 246 p. ; _c24 cm. |
||
| 336 |
_atext _btxt _2rdacontent |
||
| 337 |
_aunmediated _bn _2rdamedia |
||
| 338 |
_avolume _bnc _2rdacarrier |
||
| 365 |
_aGBP _b34.99 |
||
| 504 | _aIncludes bibliographical references and index. | ||
| 610 | 2 | 0 | _aCatholic Church |
| 906 |
_a7 _bcbc _corignew _d1 _eecip _f20 _gy-gencatlg |
||
| 942 |
_2ddc _cBK |
||
| 955 |
_brk02 2014-08-12 _irk02 2014-08-12 to Dewey (telework) _axn12 2014-10-27 1 copy rec'd., to CIP ver. |
||
| 999 |
_c251157 _d251157 |
||